[Event "Titled Tue 10th Jun Early"]
[Site "chess.com INT"]
[Date "2025.06.10"]
[Round "6"]
[White "Simonovic, Miroslav"]
[Black "Sarkar, Justin"]
[Result "1-0"]
[WhiteTitle "CM"]
[BlackTitle "IM"]
[WhiteElo "2092"]
[BlackElo "2284"]
[WhiteFideId "919152"]
[BlackFideId "2010011"]
[EventDate "2025.06.10"]

1. d4 d5 2. Bg5 Nd7 3. e3 h6 4. Bh4 Ngf6 5. Bxf6 Nxf6 6. Nf3 c5 7. dxc5 Qa5+ 8.
Nc3 e6 9. Bb5+ Bd7 10. Bxd7+ Nxd7 11. a3 Qxc5 12. O-O Be7 13. Qd4 O-O 14. Qxc5
Nxc5 15. Nb5 a6 16. Nbd4 Rac8 17. c3 Bf6 18. Rfd1 Rfd8 19. Nd2 Na4 20. Rab1 e5
21. Ne2 Kf8 22. Nf3 b5 23. Rd2 Ke7 24. Rbd1 Ke6 25. g4 Nb6 26. b3 Rd7 27. h4 g6
28. g5 hxg5 29. hxg5 Bg7 30. Kg2 a5 31. a4 bxa4 32. bxa4 Nxa4 33. e4 Nxc3 34.
Nxc3 Rxc3 35. Rxd5 Rxd5 36. Rxd5 Rc4 37. Rxa5 Rxe4 38. Ra6+ Kf5 39. Nd2 Rg4+ 40.
Kf3 Rxg5 41. Ne4 Rg1 42. Ng3+ Kg5 43. Ne4+ Kh6 44. Ra7 f5 45. Ng3 e4+ 46. Ke2
Rg2 47. Kf1 Rh2 48. Ra6 1-0

[Event "Titled Tue 10th Jun Early"]
[Site "chess.com INT"]
[Date "2025.06.10"]
[Round "6"]
[White "Zong, Davis"]
[Black "Bezerra, Flavio Rodrigo Costa"]
[Result "1-0"]
[WhiteTitle "FM"]
[WhiteElo "2242"]
[BlackElo "2096"]
[WhiteFideId "30903955"]
[BlackFideId "2114704"]
[EventDate "2025.06.10"]

1. d4 d5 2. c4 c6 3. Nf3 Nf6 4. g3 Bf5 5. Nc3 e6 6. Nh4 Be4 7. f3 Bg6 8. Qb3 Qb6
9. c5 Qxb3 10. axb3 Bc2 11. b4 h6 12. b5 Nbd7 13. e3 e5 14. Ng2 Be7 15. bxc6
bxc6 16. b4 O-O 17. b5 exd4 18. exd4 Rfe8 19. Kf2 Nxc5 20. dxc5 Bxc5+ 21. Ne3
Rxe3 22. Bxe3 d4 23. bxc6 Re8 24. Rc1 Rxe3 25. Rxc2 dxc3 26. Kg2 Bd4 27. Re2 Nd5
28. Rxe3 Nxe3+ 29. Kh3 Nd5 30. Bc4 Nc7 31. Bb3 Be3 32. Re1 Bd2 33. Re7 Nb5 34.
Rb7 a6 35. Rxb5 axb5 36. c7 1-0

[Event "Titled Tue 10th Jun Early"]
[Site "chess.com INT"]
[Date "2025.06.10"]
[Round "6"]
[White "Gelman, Alexander"]
[Black "Perossa, Nicolas"]
[Result "1-0"]
[WhiteTitle "IM"]
[BlackTitle "FM"]
[WhiteElo "2403"]
[BlackElo "2286"]
[WhiteFideId "4118316"]
[BlackFideId "2850520"]
[EventDate "2025.06.10"]

1. d4 d5 2. Nc3 Nf6 3. Bf4 e6 4. e3 Be7 5. g4 h6 6. Qf3 a6 7. h4 c5 8. g5 hxg5
9. hxg5 Rxh1 10. Qxh1 Ng8 11. Qh7 Kf8 12. Nf3 Nc6 13. O-O-O b5 14. dxc5 Bxc5 15.
Ne4 Be7 16. Ng3 g6 17. Ne5 Nxe5 18. Bxe5 Bxg5 19. Qg7+ Ke7 20. Ne4 Bh6 21. Qh7
Kd7 22. Qxf7+ Kc6 23. Nd6 Qf8 24. Qh7 Ne7 25. f4 Bd7 26. Bg2 Nf5 27. e4 Nxd6 28.
exd5+ Kc5 29. dxe6 Bxe6 30. Bxd6+ Qxd6 31. Rxd6 Rg8 32. Qc7+ 1-0

[Event "Titled Tue 10th Jun Early"]
[Site "chess.com INT"]
[Date "2025.06.10"]
[Round "6"]
[White "Karpenko, Anton"]
[Black "Hou, Yifan"]
[Result "1-0"]
[WhiteTitle "CM"]
[BlackTitle "GM"]
[WhiteElo "2219"]
[BlackElo "2633"]
[WhiteFideId "34374353"]
[BlackFideId "8602980"]
[EventDate "2025.06.10"]

1. e4 c5 2. Nf3 d6 3. d4 cxd4 4. Nxd4 Nf6 5. Nc3 a6 6. f3 e6 7. Be3 b5 8. a3 Bb7
9. Qd2 Nc6 10. g4 Rb8 11. O-O-O b4 12. axb4 Nxb4 13. g5 Nd7 14. h4 Nc5 15. Kb1
Qa5 16. Bc4 Be7 17. Nb3 Nxb3 18. Bxb3 O-O 19. h5 Rfc8 20. g6 Bf6 21. gxf7+ Kxf7
22. Qxd6 Re8 23. Bb6 Qe5 24. Qxb4 Bc6 25. Qa5 Qf4 26. Bc7 Qxf3 27. Bxb8 1-0

[Event "Titled Tue 10th Jun Early"]
[Site "chess.com INT"]
[Date "2025.06.10"]
[Round "6"]
[White "Zhauynbay, Alimzhan"]
[Black "Povshednyi, Ivan"]
[Result "0-1"]
[WhiteTitle "CM"]
[BlackTitle "FM"]
[WhiteElo "2133"]
[BlackElo "2309"]
[WhiteFideId "13782657"]
[BlackFideId "14190907"]
[EventDate "2025.06.10"]

1. e4 c5 2. Nf3 d6 3. d4 cxd4 4. Nxd4 Nf6 5. Nc3 a6 6. f4 e5 7. Nf3 Qc7 8. f5
Nbd7 9. h3 b5 10. a3 Bb7 11. Bd3 Nc5 12. Qe2 h6 13. O-O Be7 14. Bd2 O-O 15. Rad1
Rad8 16. Bc1 Rfe8 17. g4 d5 18. g5 Nfxe4 19. f6 Nxc3 20. bxc3 e4 21. Qg2 exf3
22. Rxf3 Nxd3 23. cxd3 Bc5+ 24. d4 g6 25. dxc5 d4 26. cxd4 Bxf3 27. Qxf3 h5 28.
Bf4 Qc8 29. Be5 Rxe5 30. dxe5 Qxc5+ 31. Kg2 Qc2+ 32. Rd2 Qxd2+ 33. Kg3 Qd3 34.
Kh4 Qxf3 35. e6 Rd4# 0-1

[Event "Titled Tue 10th Jun Early"]
[Site "chess.com INT"]
[Date "2025.06.10"]
[Round "6"]
[White "Demchenko, Yaroslav"]
[Black "Srihari, L R"]
[Result "0-1"]
[WhiteTitle "CM"]
[BlackTitle "IM"]
[WhiteElo "2263"]
[BlackElo "2480"]
[WhiteFideId "14186667"]
[BlackFideId "46617116"]
[EventDate "2025.06.10"]

1. Nf3 e6 2. b3 Be7 3. Bb2 Bf6 4. d4 d5 5. e3 Ne7 6. Bd3 O-O 7. h4 c5 8. Bxh7+
Kxh7 9. Ng5+ Kh6 10. e4 Bxd4 11. Bc1 Qa5+ 12. Bd2 Qb6 13. c3 Bf6 14. Nxe6+ Kh7
15. Qh5+ Kg8 16. Nxf8 Kxf8 17. exd5 g6 18. Qf3 Bf5 19. g4 Bxb1 20. Rxb1 Nd7 21.
h5 g5 22. h6 Ne5 23. Qf5 Nxf5 24. gxf5 Nf3+ 25. Ke2 Nxd2 26. Kxd2 Qd6 27. c4
Qf4+ 28. Kc2 Qxf5+ 29. Kd2 Qxf2+ 30. Kd3 Re8 31. Rbd1 Re3# 0-1

[Event "Titled Tue 10th Jun Early"]
[Site "chess.com INT"]
[Date "2025.06.10"]
[Round "6"]
[White "Ozkan, Taha"]
[Black "Zaw, Ye Htut"]
[Result "1-0"]
[WhiteTitle "FM"]
[BlackTitle "CM"]
[WhiteElo "2247"]
[BlackElo "2180"]
[WhiteFideId "34577173"]
[BlackFideId "13013955"]
[EventDate "2025.06.10"]

1. d4 Nf6 2. Nf3 d5 3. c4 c6 4. Nc3 e6 5. Bg5 Be7 6. e3 O-O 7. Qc2 Ne4 8. Bxe7
Qxe7 9. Nxe4 dxe4 10. Qxe4 Qb4+ 11. Nd2 Qxb2 12. Qb1 Qc3 13. Qc1 Qa5 14. Be2 c5
15. O-O cxd4 16. exd4 Nc6 17. Nb3 Qd8 18. Rd1 Bd7 19. Rb1 Rb8 20. d5 exd5 21.
cxd5 Ne5 22. Qf4 Ng6 23. Qg3 f5 24. d6 f4 25. Qc3 Qg5 26. Bf3 Kh8 27. Rd5 Qd8
28. Rh5 Rf5 29. Rxf5 Bxf5 30. Rd1 Nh4 31. Qe5 Qg5 32. Nd4 h6 33. Kh1 Rd8 34.
Bxb7 Rd7 35. Be4 Bxe4 36. Qe8+ Kh7 37. Qxe4+ Nf5 38. Qxf5+ 1-0

[Event "Titled Tue 10th Jun Early"]
[Site "chess.com INT"]
[Date "2025.06.10"]
[Round "6"]
[White "Cornelisse, Lorelei"]
[Black "Rahman, Masruri"]
[Result "0-1"]
[WhiteTitle "WFM"]
[BlackTitle "FM"]
[WhiteElo "2138"]
[BlackElo "2407"]
[WhiteFideId "1087177"]
[BlackFideId "7101163"]
[EventDate "2025.06.10"]

1. d4 Nf6 2. Nc3 d5 3. Bf4 c6 4. e3 Nbd7 5. Nf3 g6 6. h4 h5 7. Ne5 Bg7 8. Bd3
Nxe5 9. Bxe5 Be6 10. Ne2 Qa5+ 11. c3 Bg4 12. f3 Bd7 13. Qb3 Qb6 14. Qa3 Bf8 15.
O-O Rg8 16. c4 g5 17. hxg5 Rxg5 18. c5 Qd8 19. Qb4 b6 20. Bf4 Rg8 21. Ba6 Bh3
22. Rf2 Qd7 23. Bg3 Bf5 24. cxb6 axb6 25. Qxb6 Rxa6 26. Qxa6 Qc8 27. Qxc8+ Bxc8
28. a4 Kd7 29. a5 Ba6 30. Bf4 e6 31. Nc3 Bb4 32. Na4 Ra8 33. Nb6+ Kd8 34. Nxa8
Nd7 35. Nb6 Nf8 36. Rc2 Ng6 37. Bg3 h4 38. Bh2 Ne7 39. Ra4 Be1 40. Ra1 Bb4 41.
Na4 Bd3 42. Rcc1 Bd2 43. Rd1 Bxe3+ 44. Kh1 Bc2 45. Re1 Bxd4 46. a6 Nf5 47. Nc3
Ba7 48. Bg1 d4 49. Ne4 e5 0-1

[Event "Titled Tue 10th Jun Early"]
[Site "chess.com INT"]
[Date "2025.06.10"]
[Round "6"]
[White "Thipsay, Bagyashree Sathe"]
[Black "Gutman, Gennadi"]
[Result "0-1"]
[WhiteTitle "WIM"]
[BlackTitle "GM"]
[WhiteElo "2075"]
[BlackElo "2445"]
[WhiteFideId "5001013"]
[BlackFideId "14102277"]
[EventDate "2025.06.10"]

1. e4 c6 2. d4 d5 3. e5 Bf5 4. h4 Qb6 5. Nc3 h6 6. g4 Bd7 7. h5 e6 8. Nf3 c5 9.
Be3 Qxb2 10. Nb5 Bxb5 11. Rb1 Qc3+ 12. Bd2 Qa3 13. Bxb5+ Nc6 14. O-O Ne7 15. Rb3
Qxa2 16. dxc5 Nc8 17. Bb4 Be7 18. Ra3 Qb2 19. Qd2 a6 20. Bxc6+ bxc6 21. Rb3 Qa2
22. Rfb1 a5 0-1

[Event "Titled Tue 10th Jun Early"]
[Site "chess.com INT"]
[Date "2025.06.10"]
[Round "6"]
[White "Chaulagain, Purusottam"]
[Black "Caku, Kler"]
[Result "0-1"]
[WhiteTitle "CM"]
[BlackTitle "WFM"]
[WhiteElo "1952"]
[BlackElo "2010"]
[WhiteFideId "12300730"]
[BlackFideId "4704703"]
[EventDate "2025.06.10"]

1. d4 d5 2. Nc3 Nf6 3. Bf4 a6 4. e3 e6 5. g4 c5 6. g5 Nfd7 7. Nf3 Nc6 8. h4 b5
9. h5 Nb6 10. dxc5 Bxc5 11. Qd2 b4 12. Ne2 Nc4 13. Qc1 e5 14. Bg3 Bg4 15. Bg2 e4
16. Nfd4 Bxd4 17. Nxd4 Nxd4 18. exd4 e3 19. b3 Qxg5 20. bxc4 O-O 21. Bxd5 Rad8
22. f4 Qf6 23. O-O Qxd4 24. Kg2 Rxd5 25. cxd5 Qxd5+ 26. Kg1 Bh3 27. Kh2 Qg2# 0-1

[Event "Titled Tue 10th Jun Early"]
[Site "chess.com INT"]
[Date "2025.06.10"]
[Round "6"]
[White "Emeliantsev, Anatoliy"]
[Black "Fofanov, Ilia"]
[Result "1-0"]
[WhiteTitle "FM"]
[BlackTitle "CM"]
[WhiteElo "2359"]
[BlackElo "2182"]
[WhiteFideId "4160681"]
[BlackFideId "4158962"]
[EventDate "2025.06.10"]

1. d4 Nf6 2. c4 g6 3. Nc3 Bg7 4. e4 d6 5. f3 O-O 6. Be3 e5 7. Nge2 exd4 8. Nxd4
Nc6 9. Qd2 a6 10. Be2 Nxd4 11. Bxd4 c6 12. O-O Be6 13. Rad1 Qa5 14. f4 Rae8 15.
b4 Qxb4 16. Bxf6 Bxf6 17. Nd5 Qc5+ 18. Ne3 Bxc4 19. Bxc4 Rxe4 20. Qxd6 Qxe3+ 21.
Kh1 Be7 22. Qd7 Rxc4 23. Rde1 Qd4 24. Qxe7 Rc2 25. Qxb7 Qd5 26. Rg1 Rxa2 27. Rd1
Rd2 28. Rxd2 Qxd2 29. Qxc6 a5 30. f5 Rd8 31. h3 Qd4 32. fxg6 hxg6 33. Rf1 a4 34.
Qa6 1-0

[Event "Titled Tue 10th Jun Early"]
[Site "chess.com INT"]
[Date "2025.06.10"]
[Round "6"]
[White "Winkels, Marcel"]
[Black "Shapiro, Daniel"]
[Result "0-1"]
[WhiteTitle "CM"]
[BlackTitle "FM"]
[WhiteElo "1905"]
[BlackElo "2284"]
[WhiteFideId "1003887"]
[BlackFideId "2001780"]
[EventDate "2025.06.10"]

1. e4 c5 2. Nf3 Nc6 3. d4 cxd4 4. Nxd4 Nf6 5. Nc3 d6 6. Nxc6 bxc6 7. Bd3 e5 8.
O-O Be7 9. Kh1 O-O 10. f4 exf4 11. Bxf4 Be6 12. Qf3 Rb8 13. b3 Qa5 14. Ne2 Nd7
15. Ng3 Bf6 16. Rae1 Ne5 17. Bxe5 Bxe5 18. Nf5 Qxa2 19. Ne7+ Kh8 20. Nxc6 Rbc8
21. Nxe5 dxe5 22. Ra1 Qb2 23. Rxa7 Qd4 24. Ra5 h6 25. Qg3 Rc3 26. Rxe5 Bxb3 27.
cxb3 Rxd3 28. Qf4 Rxb3 29. Re7 f6 30. e5 Qxf4 31. Re1 Qe3 0-1

[Event "Titled Tue 10th Jun Early"]
[Site "chess.com INT"]
[Date "2025.06.10"]
[Round "6"]
[White "Coro, Lucas"]
[Black "Napoli, Nicolo"]
[Result "0-1"]
[WhiteTitle "IM"]
[BlackTitle "FM"]
[WhiteElo "2438"]
[BlackElo "2264"]
[WhiteFideId "147222"]
[BlackFideId "813702"]
[EventDate "2025.06.10"]

1. c4 e5 2. g3 Nc6 3. Bg2 f5 4. Nc3 Nf6 5. e3 Bb4 6. Nge2 O-O 7. Nd5 Nxd5 8.
cxd5 Ne7 9. O-O Bd6 10. b3 f4 11. Nc3 b6 12. Nb5 Ba6 13. Nxd6 Bxf1 14. Qxf1 cxd6
15. Be4 Nf5 16. Ba3 Qg5 17. Qh3 g6 18. Bxf5 Rxf5 19. Bxd6 fxe3 20. dxe3 e4 21.
Bf4 Qf6 22. Rd1 Rc8 23. Qh6 g5 24. Qxf6 Rxf6 25. Bxg5 Rf5 26. h4 Rc2 27. Rd4
Rfxf2 28. Rxe4 Rg2+ 29. Kf1 Rgd2 30. Rd4 Rc1# 0-1

[Event "Titled Tue 10th Jun Early"]
[Site "chess.com INT"]
[Date "2025.06.10"]
[Round "6"]
[White "Bustelo, Tabare"]
[Black "Kiremitciyan, Ari"]
[Result "0-1"]
[WhiteTitle "CM"]
[BlackTitle "FM"]
[WhiteElo "2043"]
[BlackElo "2271"]
[WhiteFideId "3000362"]
[BlackFideId "6373445"]
[EventDate "2025.06.10"]

1. d4 d5 2. Bg5 f6 3. Bh4 Nh6 4. Nc3 Nf5 5. Bg3 h5 6. Bf4 g5 7. Bc1 c5 8. e3
cxd4 9. exd4 Nc6 10. Be3 e6 11. Bd3 Nxe3 12. Bg6+ Ke7 13. fxe3 f5 14. Bxh5 g4
15. Bxg4 fxg4 16. Qxg4 Bh6 17. Qh4+ Kd7 18. Qxd8+ Kxd8 19. Kf2 Bd7 20. Nf3 Ke7
21. g4 Na5 22. g5 Bg7 23. b3 Rac8 24. Ne2 Rxc2 25. h4 Bb5 26. Ng1 Nc6 27. h5
Nxd4 28. h6 Nxe2 29. hxg7 Nxg1+ 30. Kxg1 Rxh1+ 31. Kxh1 Kf7 32. a4 Bd3 33. g6+
Kxg7 34. Rd1 Be4+ 35. Kg1 Kxg6 36. Rd4 a5 37. b4 Rc4 38. bxa5 Rxd4 39. exd4 Kf5
40. a6 bxa6 41. a5 Bd3 42. Kf2 Ke4 43. Kg3 Kxd4 44. Kf4 Bb5 45. Kf3 e5 46. Kf2
Kc5 47. Ke1 Kb4 48. Kd2 Kxa5 0-1

[Event "Titled Tue 10th Jun Early"]
[Site "chess.com INT"]
[Date "2025.06.10"]
[Round "6"]
[White "Sailer, Mike"]
[Black "Ser, Daniel"]
[Result "1/2-1/2"]
[BlackTitle "CM"]
[WhiteElo "2108"]
[BlackElo "2005"]
[WhiteFideId "2012901"]
[BlackFideId "12829404"]
[EventDate "2025.06.10"]

1. d4 d6 2. Nf3 Nf6 3. Bf4 Nbd7 4. e3 c6 5. Be2 Qc7 6. h3 e5 7. Bh2 Be7 8. O-O
O-O 9. c4 Re8 10. Nc3 b6 11. b4 Bb7 12. a4 Bf8 13. a5 bxa5 14. Rxa5 c5 15. Nb5
Qc6 16. bxc5 dxc5 17. d5 Qb6 18. Qa4 a6 19. Nc3 Bd6 20. Rb1 Qc7 21. Nd2 Rab8 22.
Nde4 Nxe4 23. Nxe4 Bf8 24. f4 f5 25. d6 Qc6 26. Qxc6 Bxc6 27. Rxb8 Rxb8 28. Nxc5
Rb1+ 29. Kf2 Bxd6 30. Nxd7 Bxd7 31. Rxa6 Bc5 32. fxe5 Kf7 33. g4 fxg4 34. Bxg4
Bxg4 35. hxg4 Rb2+ 36. Kg3 Bxe3 37. Kh3 Bd4 38. Bf4 h6 39. Rd6 Bc5 40. Rc6 Be7
41. Rc7 g5 42. Bg3 Ke6 43. Rc6+ Kd7 44. Rxh6 Rb3 45. e6+ Kc6 46. Kg2 Rb2+ 47.
Kf3 Rb3+ 48. Kg2 Rb2+ 49. Kf3 Rb3+ 50. Kg2 1/2-1/2

[Event "Titled Tue 10th Jun Early"]
[Site "chess.com INT"]
[Date "2025.06.10"]
[Round "6"]
[White "Miserendino, Alfredo"]
[Black "Nugumanov, Bakhtiyar"]
[Result "0-1"]
[BlackTitle "IM"]
[WhiteElo "2032"]
[BlackElo "2305"]
[WhiteFideId "101800"]
[BlackFideId "13701797"]
[EventDate "2025.06.10"]

1. e4 e6 2. d4 d5 3. Nc3 Bb4 4. e5 c5 5. a3 Bxc3+ 6. bxc3 Ne7 7. Qg4 O-O 8. Nf3
f5 9. Qh4 Nbc6 10. Be2 Qa5 11. Bd2 Qa4 12. c4 Nxd4 13. Nxd4 cxd4 14. Qxe7 dxc4
15. O-O c3 16. Bg5 h6 17. Bh4 d3 18. Bxd3 Rf7 19. Qb4 Qxb4 20. axb4 g5 21. Ra3
gxh4 22. Rxc3 Bd7 23. Rc7 Bc6 24. Rxf7 Kxf7 25. b5 Be4 26. Bxe4 fxe4 27. Ra1 Kg6
28. Kf1 Kf5 29. Ke2 Kxe5 30. Ra5 b6 31. Ra4 Rc8 32. Kd2 h3 0-1

[Event "Titled Tue 10th Jun Early"]
[Site "chess.com INT"]
[Date "2025.06.10"]
[Round "6"]
[White "Sieciechowicz, Marcin"]
[Black "Martinez Martin, David 1981"]
[Result "1-0"]
[WhiteTitle "IM"]
[BlackTitle "IM"]
[WhiteElo "2413"]
[BlackElo "2369"]
[WhiteFideId "1130170"]
[BlackFideId "2209748"]
[EventDate "2025.06.10"]

1. d4 Nf6 2. c4 g6 3. Nc3 Bg7 4. e4 d6 5. Be2 O-O 6. h4 c5 7. d5 e6 8. h5 exd5
9. exd5 Re8 10. hxg6 fxg6 11. Bh6 a6 12. Bxg7 Kxg7 13. Qd2 b5 14. Nf3 b4 15. Nd1
Qe7 16. Qh6+ Kg8 17. Ne3 Ng4 18. Qh4 Qxh4 19. Rxh4 Nxe3 20. fxe3 Rxe3 21. Kd2
Re7 22. Rah1 Nd7 23. Ng5 Nf8 24. Bd3 Bd7 25. Ne4 Bf5 26. Nxd6 Bxd3 27. Kxd3 Rd8
28. Ne4 Nd7 29. Ng5 h5 30. Ne6 Rc8 31. Rf4 Ne5+ 32. Kc2 Ng4 33. Re1 Rf7 34. Rxf7
Kxf7 35. Kb3 Nf6 36. Ng5+ Kf8 37. Re6 Kg7 38. Re7+ Kg8 39. Ne6 1-0

[Event "Titled Tue 10th Jun Early"]
[Site "chess.com INT"]
[Date "2025.06.10"]
[Round "6"]
[White "Burmakin, Evgeniy"]
[Black "Skiadopoulos, Nikolaos"]
[Result "0-1"]
[WhiteTitle "FM"]
[BlackTitle "CM"]
[WhiteElo "2110"]
[BlackElo "1882"]
[WhiteFideId "4163729"]
[BlackFideId "4200772"]
[EventDate "2025.06.10"]

1. e4 c5 2. Nf3 Nc6 3. Bb5 Na5 4. b4 cxb4 5. Bb2 a6 6. Bd3 b5 7. O-O Nc4 8. Bd4
d6 9. a3 e5 10. Be3 Nxe3 11. fxe3 bxa3 12. Nc3 Nf6 13. Nd5 Be7 14. Rxa3 O-O 15.
Bxb5 Nxd5 16. exd5 Bg4 17. Rxa6 Rxa6 18. Bxa6 e4 19. h3 Bh5 20. g4 Bg6 21. Nd4
Bf6 22. Nc6 Qb6 23. Bc4 Qc5 24. Qe2 Bg5 25. Kg2 f5 26. gxf5 Bxf5 27. Rb1 Qa3 28.
Rb7 Qa8 29. Ne7+ Bxe7 30. Rxe7 Qc8 31. Kh2 Bxh3 0-1

[Event "Titled Tue 10th Jun Early"]
[Site "chess.com INT"]
[Date "2025.06.10"]
[Round "6"]
[White "Praggnanandhaa, R"]
[Black "Molina, Roberto Junio Brito"]
[Result "1-0"]
[WhiteTitle "GM"]
[BlackTitle "IM"]
[WhiteElo "2767"]
[BlackElo "2381"]
[WhiteFideId "25059530"]
[BlackFideId "2109450"]
[EventDate "2025.06.10"]

1. b3 d5 2. Bb2 Bg4 3. f3 Bh5 4. h4 f6 5. d4 Nc6 6. Nc3 e5 7. e3 Bf7 8. Qd2 Bb4
9. a3 Ba5 10. dxe5 Nxe5 11. O-O-O Ne7 12. f4 N5c6 13. Nf3 Qd7 14. Qf2 O-O-O 15.
g4 Kb8 16. g5 Be6 17. Na4 Bb6 18. gxf6 gxf6 19. Nxb6 axb6 20. Bxf6 Rhf8 21. Bb2
Bf5 22. Rg1 Rde8 23. Bb5 Qe6 24. Rg7 Qh6 25. Rg5 Qe6 26. Rg7 Qh6 27. Ne5 d4 28.
Bxc6 dxe3 29. Qxe3 Nxc6 30. Rdg1 Qxh4 31. Nxc6+ bxc6 32. Be5 1-0

[Event "Titled Tue 10th Jun Early"]
[Site "chess.com INT"]
[Date "2025.06.10"]
[Round "6"]
[White "Kulnev, Aleksandr"]
[Black "Kjaergaard-Jensen, Jesper"]
[Result "1-0"]
[WhiteTitle "CM"]
[BlackTitle "CM"]
[WhiteElo "2213"]
[BlackElo "2081"]
[WhiteFideId "54157544"]
[BlackFideId "1406990"]
[EventDate "2025.06.10"]

1. e4 Nf6 2. e5 Nd5 3. Nf3 d6 4. Bc4 Nb6 5. Bb3 c5 6. Qe2 d5 7. c3 Nc6 8. d4
cxd4 9. cxd4 Bg4 10. Be3 e6 11. O-O Be7 12. Nbd2 O-O 13. a3 Na5 14. Ba2 Rc8 15.
Rac1 Qd7 16. b4 Nc6 17. Bb1 Kh8 18. h3 Bh5 19. Qd3 Bg6 20. Qb3 f6 21. Bxg6 hxg6
22. Qb1 f5 23. Bf4 Kg8 24. Nb3 Kf7 25. Ng5+ Bxg5 26. Bxg5 Rh8 27. Nc5 Qc7 28. b5
Nxd4 29. Nxe6 Qxc1 30. Bxc1 Nxe6 31. Qb3 Rc4 32. Be3 d4 33. Bd2 Rhc8 34. Rd1 Nd5
35. g3 R4c5 36. Kg2 Rc4 37. h4 g5 38. hxg5 Kg6 39. Qd3 b6 40. Rh1 Rc3 41. Bxc3 1-0

[Event "Titled Tue 10th Jun Early"]
[Site "chess.com INT"]
[Date "2025.06.10"]
[Round "6"]
[White "Cherepov, Alexej"]
[Black "Zepeda Berlanga, Jan Enrique"]
[Result "1-0"]
[WhiteTitle "CM"]
[BlackTitle "CM"]
[WhiteElo "2083"]
[BlackElo "1984"]
[WhiteFideId "13503650"]
[BlackFideId "5132355"]
[EventDate "2025.06.10"]

1. d4 Nf6 2. c4 g6 3. Nc3 d5 4. Nf3 Bg7 5. Bg5 Ne4 6. cxd5 Nxc3 7. bxc3 Qxd5 8.
e3 c5 9. Be2 cxd4 10. cxd4 Nc6 11. O-O O-O 12. h3 Bf5 13. Qa4 e5 14. dxe5 Nxe5
15. Rfd1 Qc6 16. Qxc6 Nxc6 17. Rac1 Rac8 18. Bb5 Nb4 19. Be7 Nxa2 20. Bxf8 Rxc1
21. Rxc1 Nxc1 22. Bb4 Na2 23. Bd2 Nc3 24. Bc4 Ne4 25. Bb4 Bd7 26. Nd4 a6 27. f3
Ng3 28. Nb3 b5 29. Bd5 Nf5 30. Kf2 Bh6 31. f4 Bf8 32. Ba5 h5 33. Bb7 Ne7 34.
Bxa6 Nd5 35. Nd4 b4 36. Bc4 Nc3 37. Bb3 Ba4 38. Bc4 Ne4+ 39. Ke2 b3 40. Bd3 1-0

[Event "Titled Tue 10th Jun Early"]
[Site "chess.com INT"]
[Date "2025.06.10"]
[Round "6"]
[White "Rozman, Levy"]
[Black "Chan, Kim Yew"]
[Result "1-0"]
[WhiteTitle "IM"]
[BlackTitle "FM"]
[WhiteElo "2324"]
[BlackElo "2304"]
[WhiteFideId "2039877"]
[BlackFideId "5717981"]
[EventDate "2025.06.10"]

1. d4 Nf6 2. Bg5 Ne4 3. h4 d5 4. Nd2 Nxg5 5. hxg5 e5 6. g6 fxg6 7. dxe5 Nc6 8.
f4 Bf5 9. e3 Qd7 10. Bd3 Bc5 11. Qe2 O-O-O 12. c3 g5 13. Ngf3 gxf4 14. exf4 Bb6
15. O-O-O Rhf8 16. g3 Kb8 17. Nb3 h6 18. Nh4 Bg4 19. Qc2 Bxd1 20. Rxd1 g5 21.
Ng6 gxf4 22. gxf4 Be3+ 23. Kb1 Bxf4 24. Nc5 Qc8 25. Nxf8 Rxf8 26. e6 Re8 27. Bf5
Ne7 28. Bh3 Bd6 29. Nd7+ Ka8 30. Qh7 Bf4 31. Qf7 Bg5 32. Bg4 Qd8 33. Bh5 Rh8 34.
a3 c6 35. Rf1 Qg8 36. Ka2 Qd8 37. Qg7 Rg8 38. Qf7 Rh8 39. Qg7 Rg8 40. Qe5 Rh8
41. Rf7 Rg8 42. Qd6 Nc8 43. Qb8# 1-0

[Event "Titled Tue 10th Jun Early"]
[Site "chess.com INT"]
[Date "2025.06.10"]
[Round "6"]
[White "Gurevich, Dmitry"]
[Black "Belov, Alexei"]
[Result "1-0"]
[WhiteTitle "GM"]
[BlackTitle "IM"]
[WhiteElo "2338"]
[BlackElo "2421"]
[WhiteFideId "2000407"]
[BlackFideId "4128206"]
[EventDate "2025.06.10"]

1. d4 d5 2. c4 e6 3. Nc3 Be7 4. Nf3 Nf6 5. Bf4 O-O 6. e3 Nbd7 7. Qc2 c5 8. cxd5
Nxd5 9. Nxd5 exd5 10. Bd3 Nf6 11. dxc5 Qa5+ 12. Nd2 Bxc5 13. O-O Qb6 14. Rfc1
Bd6 15. Bxd6 Qxd6 16. Qc7 Qb4 17. Nb3 Bd7 18. Qc5 Qh4 19. h3 Ne4 20. Bxe4 dxe4
21. Qc7 Bc6 22. Nd4 Rfc8 23. Qe5 Bd7 24. Rc7 Rxc7 25. Qxc7 Qd8 26. Qxb7 Rb8 27.
Qxa7 Rxb2 28. Qa3 Qb8 29. Nb3 Rc2 30. Rd1 Be6 31. Nd4 Rxa2 32. Qe7 Bd5 33. Nc6
Qf8 34. Rxd5 1-0

[Event "Titled Tue 10th Jun Early"]
[Site "chess.com INT"]
[Date "2025.06.10"]
[Round "6"]
[White "Gbiorczyk, Mikolaj"]
[Black "Goh, Zi Han"]
[Result "0-1"]
[WhiteTitle "CM"]
[BlackTitle "FM"]
[WhiteElo "2191"]
[BlackElo "2275"]
[WhiteFideId "21080763"]
[BlackFideId "5819156"]
[EventDate "2025.06.10"]

1. d4 Nf6 2. Nc3 d6 3. e4 c6 4. f4 b5 5. Bd3 b4 6. Nce2 e5 7. Nf3 d5 8. Ng3 dxe4
9. Nxe4 exd4 10. O-O Nxe4 11. Bxe4 Bc5 12. Re1 Kf8 13. Ne5 Qf6 14. Nd3 Bd6 15.
Qf3 Bf5 16. Bd2 h5 17. Bxb4 Bxb4 18. Nxb4 Rh6 19. Bxf5 Qxf5 20. Re5 Qg4 21. Rae1
Nd7 22. Qxg4 hxg4 23. Re7 Nc5 24. g3 Re6 25. R7xe6 Nxe6 26. Nxc6 Rc8 27. Nb4 a5
28. f5 Ng5 29. Rd1 axb4 30. Rxd4 Nf3+ 31. Kf2 Nxd4 0-1

[Event "Titled Tue 10th Jun Early"]
[Site "chess.com INT"]
[Date "2025.06.10"]
[Round "6"]
[White "Hayrapetyan, Artavazd R."]
[Black "Sek, Konstantin"]
[Result "1-0"]
[WhiteTitle "FM"]
[BlackTitle "IM"]
[WhiteElo "2350"]
[BlackElo "2368"]
[WhiteFideId "13304240"]
[BlackFideId "24104302"]
[EventDate "2025.06.10"]

1. b3 e5 2. Bb2 d6 3. e3 f5 4. d4 Qe7 5. dxe5 dxe5 6. Nf3 Nd7 7. Bc4 Nh6 8. h4
c6 9. a4 Nf7 10. Bxf7+ Kxf7 11. Qd3 e4 12. Qc4+ Ke8 13. Nd4 Ne5 14. Qe2 g6 15.
Nd2 Bg7 16. O-O-O Bd7 17. h5 g5 18. h6 Bf6 19. Kb1 Qf7 20. f3 exf3 21. N2xf3
Nxf3 22. Qxf3 Qg6 23. Rhf1 Rf8 24. Nb5 cxb5 25. Rxd7 Kxd7 26. Qxb7+ Ke6 27. Qc6+
Kf7 28. Qd5+ Ke8 29. Qxa8+ Kf7 30. Qd5+ Ke8 31. Qxb5+ Kf7 32. Qd5+ Ke8 33. Qb5+
Kf7 34. Rxf5 Kg8 35. Qd5+ Kh8 36. Rxf6 Rxf6 37. Qd8+ 1-0